|
|
|
|
| LEADER |
00851pam a22002298a 4500 |
| 001 |
00030329 |
| 005 |
20171026081025.0 |
| 008 |
130118s2012 ||||||Viesd |
| 020 |
|
|
|c 325000
|
| 041 |
0 |
# |
|a Vie
|
| 082 |
1 |
4 |
|a 959.704 3
|b NGH250TH
|
| 100 |
0 |
# |
|a Thùy, Linh
|e Chủ biên
|
| 245 |
0 |
0 |
|a Nghệ thuật quân sự Việt Nam trong hai cuộc tổng tiến công và nổi dậy Tết Mậu Thân 1968 và Mùa Xuân 1975
|c Thùy Linh (ch.b)
|
| 260 |
# |
# |
|a TP HCM
|b Lao động
|c 2012
|
| 300 |
# |
# |
|a 439 tr.
|c 27 cm.
|
| 653 |
# |
# |
|a Lịch sử hiện đại
|a Việt Nam
|
| 653 |
# |
# |
|a Quân sự
|
| 653 |
# |
# |
|a Tết Mậu Thân
|
| 852 |
# |
# |
|b Kho đọc
|j KD.0014346
|
| 852 |
# |
# |
|j KD.0014346
|
| 910 |
|
|
|d 18/01/2013
|
| 980 |
# |
# |
|a Trung tâm Học liệu Lê Vũ Hùng, Trường Đại học Đồng Tháp
|